000 01108nam0a22002531 4500
001 rc\602920
005 20260407132012.0
035 _a(NLR Aleph) 005847176
090 _a5740521
_c5740521
100 _a20031121d1986 |||y0rusy50 ca
101 0 _arus
102 _aRU
105 _aa |||||||||
200 1 _aЖелезобетонные несущие конструкции зданий промышленных предприятий
_eСб. науч. ст.
_fНТО строит. индустрии, Центр. н.-и. и проект.-эксперим. ин-т пром. зданий и сооружений
_gПод ред. Е.Г. Кутухтина
210 _aМ.
_cСтройиздат
_d1986
215 _a[1], 38, [2] с.
_cил.
_d21
320 _aБиблиогр. в конце ст.
702 1 _aКутухтин
_bЕ.Г.
_gЕвгений Геннадиевич
_4340
712 0 2 _aНТО строительной индустрии СССР
_3RU\NLR\AUTH\889989353
_9474210
801 0 _aRU
_bNLR
_gpsbo
801 1 _aRU
_bELAR
_2rusmarc
852 _aNLR
_j86-4/19842
942 _cBOOK
980 _aNB